Juventus most G+A each season 2020s - Statistics

General Stats
  • This quiz has been taken 39 times
  • The average score is 10 of 12
Answer Stats
Season Answer % Correct
2019-2043 Cristiano Ronaldo
100%
2019-2027 Paulo Dybala
94%
2021-2221 Paulo Dybala
94%
2020-2140 Cristiano Ronaldo
91%
2020-2124 Federico Chiesa
88%
2019-2019 Gonzalo Higuain
88%
2021-2210 Dusan Vlahovic
85%
2022-2318 Dusan Vlahovic
85%
2020-2131 Alvaro Morata
70%
2021-2216 Alvaro Morata
70%
2022-2317 Adrien Rabiot
67%
2022-2315 Angel Di Maria
45%
No matching quizzes found
Score Distribution
Percent of People with Each Score
Percentile by Number Answered
Your Score History
You have not taken this quiz